Statistics for Florida or New York?

Click here to take the quiz!

General Stats

  • This quiz has been taken 170 times
  • The average score is 13 of 20

Answer Stats

QuestionAnswer% Correct
. . . has the tallest building?New York
97%
. . . has the larger largest city?New York
92%
. . . has a higher Hispanic/Latino population (by percentage)?Florida
90%
. . . has more water area?Florida
89%
. . . has the busiest airport?New York
87%
. . . borders more U.S. states?New York
86%
. . . has more cities with population greater than 1 million?Florida
70%
. . . is "wider"? (greater distance between easternmost and westernmost points)New York
70%
. . . has a greater average annual precipitation?Florida
69%
. . . is "taller"? (greater distance between northernmost and southernmost points)Florida
69%
. . . has more "Big 4" professional sports teams?New York
69%
. . . has the greater difference between its highest point and its lowest point?New York
66%
. . . is larger? (area)Florida
62%
. . . has a city named Long Beach?New York
54%
. . . was settled by Europeans first?Florida
49%
. . . has the larger capital city? (metropolitan statistical area)New York
47%
. . . has a greater population?Florida
42%
. . . has the least distance between its capital and the capital of a foreign country?New York
36%
. . . has more interstate highway mileage?New York
34%
. . . has a higher African-American population (by percentage)?Florida
21%

Score Distribution

Percentile by Number Answered

Percent of People with Each Score

Your Score History

You have not taken this quiz